Sesearching Ageing And Later Life (Record no. 609649)

MARC details
000 -LEADER
fixed length control field 00457nam a22001697a 4500
008 - FIXED-LENGTH DATA ELEMENTS--GENERAL INFORMATION
fixed length control field 260201b |||||||| |||| 00| 0 eng d
020 ## - INTERNATIONAL STANDARD BOOK NUMBER
ISBN 9780335208203
Paper back/Hardbound pbk
082 ## - DEWEY DECIMAL CLASSIFICATION NUMBER
Classification number 305.2607
Item number JAM
100 ## - MAIN ENTRY--AUTHOR NAME
Personal name Jamieson,Anne
245 ## - TITLE STATEMENT
Title Sesearching Ageing And Later Life
250 ## - EDITION STATEMENT
Edition statement Victor, Christina
260 ## - PUBLICATION, DISTRIBUTION, ETC. (IMPRINT)
Place of publication USA
Name of publisher Open University Press
Year of publication 16 September 2002
300 ## - PHYSICAL DESCRIPTION
Number of Pages xi 275 p.
504 ## - BIBLIOGRAPHY, ETC. NOTE
Bibliography, etc Includes index
942 ## - ADDED ENTRY ELEMENTS (KOHA)
Koha item type English Books
Holdings
Withdrawn status Lost status Damaged status Not for loan Home library Current library Shelving location Date acquired Full call number Accession Number Price effective from Koha item type
        Anna Centenary Library Anna Centenary Library 3RD FLOOR, B WING 10.12.2010 305.2607 JAM 408283 01.02.2026 English Books

Find us on the map